01447nam a2200277 a 450000100100000000500170001000800410002702000180006804000250008608200200011110000330013124501130016426000390027730000200031659000260033665000280036265000310039070000520042191000380047395201330051195201330064495201330077795201180091095201240102899900170115200003973620240412074300.0130718s2013 dr r 000 p spa d a9789945429527 aDO-SdBNPbspacBNPHU aRD861.44bM671s1 aMir, Pedro,d1913-20009724510aSol para las doce :bantología poética /cPedro Mir ; selección y prólogo de León Félix Batista. aSanto Domingo :bAlfaguara,c2013. a94 p. ;c22 cm. aInventariado, 2018/BT 0aPoesía dominicana966 0aLiteratura dominicana.96712aBatista, León Félix,d1964-epról.912031 aValidado. Control de calidad. MFF 001054708DSaGRbGRcHDd2013-07-18iLF1l0oRD861.44 M671sp39736-30r2020-06-25te. 3w2020-06-25yLFDSZPréstamo en sala 001054708DSaGRbGRcHDd2015-04-10iLF1l0oRD861.44 M671sp39736-40r2020-06-25te. 4w2020-06-25yLFDSZPréstamo en sala 001154708DSaGRbGRcMId2015-04-10iLF1l0oRD861.44 M671sp39736-50r2020-06-25te. 5w2020-06-25yLFDSZPréstamo en sala 0010718PDaPDbPDcHDd2013-07-18iLF1l0oRD861.44 M671sp39736-10r2020-06-25w2020-06-25yLFPDZNo se presta 0010718PDaPDbPDcHDd2013-07-18iLF1l0oRD861.44 M671sp39736-20r2020-06-25te. 2w2020-06-25yLFPDZNo se presta c39226d39226